00309 a2200097 4500082001900000100001900019245007100038260004000109300003800149650002400187 a624.170151 MUK aMukhopadhyay,M aMatrix and Finite Element Analysis of Structures /cM.Mukhopadhyay aNew Delhi :cAne Books India:b2004 a443p. :bill . ;c25 cme1 CD-ROM astructural analysis